Contemporary short stories: representative selections
Uloženo v:
| Hlavní autoři: | , , , , , , , , , |
|---|---|
| Médium: | Kniha |
| Jazyk: | angličtina |
| Vydáno: |
Nueva York
Liberal Arts Press
1953
|
| Edice: | The American Heritage Series, 12
|
| Témata: | |
| Tagy: |
Přidat tag
Žádné tagy, Buďte první, kdo vytvoří štítek k tomuto záznamu!
|
MARC
| LEADER | 00000nam a2200000 a 4500 | ||
|---|---|---|---|
| 001 | UCQ2487 | ||
| 003 | CL-VaPUC | ||
| 008 | 980724e19530000US |||||||||||||||||eng|d | ||
| 082 | 0 | 4 | |a 808.83 |b BAU |2 21 |
| 100 | 0 | |a Baudin, Maurice |e author |9 416401 | |
| 700 | 0 | |a Wharton, Edith |e author |9 416402 | |
| 700 | 0 | |a Cather, Willa |e author |9 416403 | |
| 700 | 0 | |a Lardner, Ring |e author |9 416404 | |
| 700 | 0 | |a Aiken, Conrad |e author |9 416405 | |
| 700 | 0 | |a Porter, Katherine Anne |e author |9 416406 | |
| 700 | 0 | |a Thurber, James |e author |9 416407 | |
| 700 | 0 | |a Benet, Stephen Vincent |e author |9 319716 | |
| 700 | 0 | |a Soroyan, William |e author |9 416408 | |
| 700 | 0 | |a Clark, Walter Van Tilburg |e author |9 416409 | |
| 245 | 1 | 0 | |a Contemporary short stories: representative selections |
| 300 | |a v | ||
| 942 | |c BK | ||
| 945 | |d 19980724 00:00:00 |a crobeson | ||
| 260 | |a Nueva York |b Liberal Arts Press |c 1953 | ||
| 500 | |a Incluye: Xingu; Paul's Case; Who Dealt?; Your Obituary, Well Written; Rope; The Day The Dam Broke; The King of the Cats; The Daring Young Man on the Flying Trapeze; Hook; The Hunted | ||
| 650 | 0 | |a Novelas estadounidenses |9 265217 | |
| 650 | 0 | |a Literatura estadounidense |9 317168 | |
| 583 | |a last modification |c 19980724 00:00:00 |k Rodrigo Vera | ||
| 490 | 0 | |a The American Heritage Series, 12 | |
| 999 | |c 273305 |d 273303 | ||
| 952 | |0 0 |1 0 |4 0 |6 808_830000000000000_BAU_1953 |7 0 |8 A |9 308743 |a BIBEDU |b BIBEDU |d 2019-11-20 |h v.1 |i 1448099 |o 808.83 BAU 1953 |p 1448099 |r 2019-11-20 |w 2019-11-20 |y BK |k LIT | ||